00533nam a22001577a 4500020001500000040000900015082001800024100002700042110002700069245005200096260004100148650004400189942001200233999001900245952011100264 a0471041432 cNUST a610.28bCAR'I aCarr, Joseph J.926343 aBROWN, JOHN M.9132714 aIntroduction to Biomedical Equipment Technology aNEW YORK:bJohn Wiley & Sons,c1981. aBiomedical Equipment Technology9132715 2ddccBK c615775d615775 00102ddc4070aCEMEbCEMEcGENd2026-01-05l0o610.28 CAR'IpCEME-15192r2026-01-05w2026-01-05yBKz4.0